[Event "WCO 2016"]
[Site "?"]
[Date "2016.09.11"]
[Round "9"]
[Board "18"]
[WhiteID "19700210"]
[White "Clementson Jessica"]
[BlackID "11400269"]
[Black "Vukikomoala Hilda"]
[Result "1/2-1/2"]
[BlackElo "1455"]
[WhiteElo "1233"]
[LiveChessVersion "1.4.8"]

1. e4 {[%clk 1:30:48]} e5 {[%clk 1:30:55]} 2. Nf3 {[%clk 1:31:08]} Nc6
{[%clk 1:31:00]} 3. Bc4 {[%clk 1:31:07]} d6 {[%clk 1:30:28]} 4. h3
{[%clk 1:30:05]} Be7 {[%clk 1:29:37]} 5. d3 {[%clk 1:30:10]} Nf6 {[%clk 1:29:06]}
6. Bg5 {[%clk 1:29:39]} O-O {[%clk 1:26:58]} 7. O-O {[%clk 1:29:26]} Na5
{[%clk 1:24:16]} 8. Bb3 {[%clk 1:27:32]} Nxb3 {[%clk 1:23:43]} 9. axb3
{[%clk 1:27:39]} Be6 {[%clk 1:23:54]} 10. Nc3 {[%clk 1:26:50]} a6
{[%clk 1:21:43]} 11. Nd2 {[%clk 1:21:34]} h6 {[%clk 1:21:26]} 12. Bh4
{[%clk 1:21:14]} Nh7 {[%clk 1:21:27]} 13. Bxe7 {[%clk 1:19:51]} Qxe7
{[%clk 1:21:50]} 14. f4 {[%clk 1:13:39]} exf4 {[%clk 1:20:31]} 15. Rxf4
{[%clk 1:13:57]} Ng5 {[%clk 1:19:07]} 16. Kh2 {[%clk 1:04:44]} Rad8
{[%clk 1:10:36]} 17. h4 {[%clk 0:53:05]} Nh7 {[%clk 1:06:58]} 18. Qh5
{[%clk 0:29:19]} Nf6 {[%clk 1:03:21]} 19. Qf3 {[%clk 0:25:13]} c6
{[%clk 0:35:18]} 20. Rf1 {[%clk 0:17:48]} Nd7 {[%clk 0:26:55]} 21. Ne2
{[%clk 0:13:05]} Ne5 {[%clk 0:26:17]} 22. Qg3 {[%clk 0:12:30]} Ng6
{[%clk 0:26:15]} 23. R4f2 {[%clk 0:10:10]} Qxh4+ {[%clk 0:22:02]} 24. Qxh4
{[%clk 0:08:59]} Nxh4 {[%clk 0:22:26]} 25. Nf4 {[%clk 0:07:33]} Ng6
{[%clk 0:19:14]} 26. Nxe6 {[%clk 0:06:31]} fxe6 {[%clk 0:19:31]} 27. Rxf8+
{[%clk 0:05:27]} Rxf8 {[%clk 0:19:45]} 28. Rxf8+ {[%clk 0:04:02]} Kxf8
{[%clk 0:20:10]} 29. Kg3 {[%clk 0:03:23]} Kf7 {[%clk 0:19:40]} 30. Nc4
{[%clk 0:03:12]} d5 {[%clk 0:19:22]} 31. exd5 {[%clk 0:03:00]} exd5
{[%clk 0:15:12]} 32. Nd6+ {[%clk 0:03:11]} Ke7 {[%clk 0:13:13]} 33. Nxb7
{[%clk 0:03:29]} Kf6 {[%clk 0:06:40]} 34. Nc5 {[%clk 0:05:09]} Ne5
{[%clk 0:05:51]} 35. d4 {[%clk 0:04:30]} Nf7 {[%clk 0:02:41]} 36. Nxa6
{[%clk 0:04:39]} Kf5 {[%clk 0:02:37]} 37. Nb8 {[%clk 0:03:08]} Nd8
{[%clk 0:02:56]} 38. c4 {[%clk 0:02:31]} Ke4 {[%clk 0:02:20]} 39. cxd5
{[%clk 0:02:02]} cxd5 {[%clk 0:02:40]} 40. Na6 {[%clk 0:31:16]} Kxd4
{[%clk 0:32:48]} 41. Kf3 {[%clk 0:30:29]} Nc6 {[%clk 0:29:30]} 42. Ke2
{[%clk 0:25:48]} h5 {[%clk 0:28:29]} 43. Nc7 {[%clk 0:25:21]} Ke4
{[%clk 0:26:09]} 44. Ne8 {[%clk 0:21:40]} g6 {[%clk 0:19:26]} 45. Kd2
{[%clk 0:20:43]} Kd4 {[%clk 0:16:27]} 46. Nd6 {[%clk 0:19:24]} Nb4
{[%clk 0:06:57]} 47. Nb5+ {[%clk 0:12:38]} Kc5 {[%clk 0:06:52]} 48. Na3
{[%clk 0:10:24]} Nc6 {[%clk 0:04:52]} 49. Nc2 {[%clk 0:10:29]} Na5
{[%clk 0:04:09]} 50. b4+ {[%clk 0:10:35]} Kb5 {[%clk 0:04:32]} 51. bxa5
{[%clk 0:10:42]} Kxa5 {[%clk 0:05:01]} 52. Kd3 {[%clk 0:10:51]} Ka4
{[%clk 0:05:05]} 53. Kc3 {[%clk 0:10:24]} g5 {[%clk 0:05:12]} 54. Ne3
{[%clk 0:10:25]} d4+ 55. Kxd4 {[%clk 0:10:42]} Kb3 {[%clk 0:05:46]} 56. Nf5
{[%clk 0:10:22]} Kxb2 {[%clk 0:06:07]} 57. g3 {[%clk 0:10:17]} h4
{[%clk 0:04:26]} 58. gxh4 {[%clk 0:10:38]} gxh4 {[%clk 0:04:10]} 1/2-1/2

[Event "WCO 2016"]
[Site "?"]
[Date "2016.09.11"]
[Round "9"]
[Board "19"]
[WhiteID "11400455"]
[White "Terubea Cydel"]
[BlackID "19700431"]
[Black "Persaud Yolander"]
[Result "1-0"]
[BlackElo "1151"]
[WhiteElo "1363"]
[LiveChessVersion "1.4.8"]

1. e4 {[%clk 1:30:57]} c6 {[%clk 1:30:53]} 2. d4 {[%clk 1:31:17]} d5
{[%clk 1:31:16]} 3. exd5 {[%clk 1:31:34]} cxd5 {[%clk 1:31:36]} 4. Nf3
{[%clk 1:31:06]} Bg4 {[%clk 1:30:54]} 5. Be2 {[%clk 1:31:15]} Nf6
{[%clk 1:30:57]} 6. Ne5 {[%clk 1:30:48]} Be6 {[%clk 1:27:42]} 7. O-O
{[%clk 1:29:44]} Qb6 {[%clk 1:24:33]} 8. c3 {[%clk 1:29:04]} Nc6 {[%clk 1:22:51]}
9. Nxc6 {[%clk 1:27:27]} Qxc6 {[%clk 1:21:41]} 10. Na3 {[%clk 1:27:37]} a6
{[%clk 1:20:20]} 11. Qb3 {[%clk 1:25:25]} Bd7 {[%clk 1:13:59]} 12. Qd1
{[%clk 1:12:30]} e6 {[%clk 1:12:36]} 13. Nc2 {[%clk 1:12:32]} Be7
{[%clk 1:11:58]} 14. Bf4 {[%clk 1:10:51]} O-O {[%clk 1:10:51]} 15. Re1
{[%clk 1:06:42]} Rfc8 {[%clk 1:08:38]} 16. Bd3 {[%clk 1:01:52]} a5
{[%clk 1:02:21]} 17. Qf3 {[%clk 1:00:36]} b5 {[%clk 0:57:27]} 18. h3
{[%clk 0:56:48]} b4 {[%clk 0:51:33]} 19. Bd2 {[%clk 0:56:20]} bxc3
{[%clk 0:48:29]} 20. Bxc3 {[%clk 0:56:19]} a4 {[%clk 0:44:30]} 21. a3
{[%clk 0:50:59]} Rab8 {[%clk 0:41:22]} 22. Rac1 {[%clk 0:50:27]} Qb6
{[%clk 0:34:19]} 23. Ne3 {[%clk 0:46:34]} Bd6 {[%clk 0:28:01]} 24. Ng4
{[%clk 0:45:22]} Nxg4 {[%clk 0:26:25]} 25. Qxg4 {[%clk 0:45:18]} g6
{[%clk 0:24:23]} 26. h4 {[%clk 0:43:52]} Qd8 {[%clk 0:13:08]} 27. g3
{[%clk 0:38:51]} Qf6 {[%clk 0:10:50]} 28. Qe2 {[%clk 0:36:31]} Re8
{[%clk 0:08:59]} 29. Qd1 {[%clk 0:34:25]} e5 {[%clk 0:07:41]} 30. dxe5
{[%clk 0:31:02]} Bxe5 {[%clk 0:07:43]} 31. Rxe5 {[%clk 0:28:18]} Rxe5
{[%clk 0:07:37]} 32. f4 {[%clk 0:28:02]} Re1+ {[%clk 0:04:49]} 33. Qxe1
{[%clk 0:27:25]} Qb6+ {[%clk 0:02:22]} 34. Qf2 {[%clk 0:27:22]} Qxf2+
{[%clk 0:02:23]} 35. Kxf2 {[%clk 0:27:46]} Re8 {[%clk 0:02:02]} 36. Re1
{[%clk 0:28:03]} Rxe1 {[%clk 0:01:16]} 37. Bxe1 {[%clk 0:28:32]} Kf8
{[%clk 0:01:26]} 38. Bb4+ {[%clk 0:28:44]} Ke8 {[%clk 0:01:38]} 39. Ke3
{[%clk 0:29:03]} Bc6 {[%clk 0:01:42]} 40. Kd4 {[%clk 0:59:17]} Kd7
{[%clk 0:31:35]} 41. Ke5 {[%clk 0:59:26]} h6 {[%clk 0:26:41]} 42. Bc2
{[%clk 0:55:36]} d4 {[%clk 0:19:16]} 43. Bc5 {[%clk 0:54:22]} Bb5
{[%clk 0:17:27]} 44. Bxd4 {[%clk 0:54:03]} Bc4 {[%clk 0:17:06]} 45. Bxa4+
{[%clk 0:54:23]} Kc7 {[%clk 0:13:15]} 46. Kf6 {[%clk 0:54:34]} Kd6
{[%clk 0:12:56]} 47. Be8 {[%clk 0:54:27]} Kd5 {[%clk 0:09:19]} 48. Bxf7+
{[%clk 0:54:34]} Kxd4 {[%clk 0:09:31]} 49. Bxc4 {[%clk 0:54:55]} Kxc4
{[%clk 0:09:33]} 50. Kxg6 1-0

[Event "WCO 2016"]
[Site "?"]
[Date "2016.09.11"]
[Round "9"]
[Board "17"]
[WhiteID "15200477"]
[White "Mentile Lishen"]
[BlackID "20700130"]
[Black "Mkhonto Nosimilo"]
[Result "1-0"]
[BlackElo "1392"]
[WhiteElo "1480"]
[LiveChessVersion "1.4.8"]

1. e4 {[%clk 1:30:37]} Nf6 {[%clk 1:30:49]} 2. Nc3 {[%clk 1:29:40]} d6
{[%clk 1:30:11]} 3. d4 {[%clk 1:26:35]} e6 {[%clk 1:28:56]} 4. Bd3
{[%clk 1:20:56]} g6 {[%clk 1:24:28]} 5. Bg5 {[%clk 1:17:54]} h6 {[%clk 1:23:24]}
6. Be3 {[%clk 1:13:20]} Nc6 {[%clk 1:23:00]} 7. a3 {[%clk 1:07:58]} Bg7
{[%clk 1:21:38]} 8. f4 {[%clk 0:54:02]} Nd7 {[%clk 1:16:19]} 9. Nf3
{[%clk 0:48:47]} b6 {[%clk 1:10:38]} 10. Qd2 {[%clk 0:46:16]} Bb7
{[%clk 1:08:50]} 11. O-O-O {[%clk 0:41:33]} Ne7 {[%clk 1:06:22]} 12. Rhf1
{[%clk 0:37:54]} c5 {[%clk 1:01:46]} 13. dxc5 {[%clk 0:34:51]} bxc5
{[%clk 0:57:22]} 14. Bb5 {[%clk 0:31:59]} Nc8 {[%clk 0:42:46]} 15. Bxc5
{[%clk 0:28:08]} Bxc3 {[%clk 0:31:06]} 16. Qxc3 {[%clk 0:26:51]} O-O
{[%clk 0:30:54]} 17. Bxd6 {[%clk 0:23:41]} Nxd6 {[%clk 0:29:31]} 18. Rxd6
{[%clk 0:23:55]} Bc8 {[%clk 0:27:56]} 19. Bxd7 {[%clk 0:19:16]} Bxd7
{[%clk 0:27:46]} 20. Rfd1 {[%clk 0:19:32]} Rc8 {[%clk 0:27:56]} 21. Qd3
{[%clk 0:19:48]} Qf6 {[%clk 0:20:26]} 22. Rxd7 {[%clk 0:17:16]} Qxf4+
{[%clk 0:20:41]} 23. Qd2 {[%clk 0:16:13]} Qxe4 {[%clk 0:20:20]} 24. c3
{[%clk 0:14:49]} g5 {[%clk 0:16:47]} 25. Qd4 {[%clk 0:14:25]} Qxd4
{[%clk 0:14:15]} 26. R1xd4 {[%clk 0:14:44]} f5 {[%clk 0:13:39]} 27. Rxa7
{[%clk 0:14:18]} g4 {[%clk 0:13:56]} 28. Ne5 {[%clk 0:14:34]} f4 {[%clk 0:13:26]}
29. Nxg4 {[%clk 0:14:40]} f3 {[%clk 0:11:05]} 30. gxf3 {[%clk 0:14:44]} Rxf3
{[%clk 0:11:15]} 31. Rb7 {[%clk 0:12:21]} Rh3 {[%clk 0:08:44]} 32. Rdd7
{[%clk 0:11:53]} Rf8 {[%clk 0:08:34]} 33. Rh7 {[%clk 0:11:08]} Rf1+
{[%clk 0:08:14]} 34. Kc2 {[%clk 0:11:37]} Rhf3 {[%clk 0:08:08]} 35. Nxh6+
{[%clk 0:11:41]} 1-0

[Event "WCO 2016"]
[Site "?"]
[Date "2016.09.11"]
[Round "9"]
[Board "19"]
[WhiteID "15200485"]
[White "Nepando Jolly"]
[BlackID "20700164"]
[Black "Mthethwa Thobile"]
[Result "1-0"]
[BlackElo "1392"]
[WhiteElo "1517"]
[LiveChessVersion "1.4.8"]

1. e4 {[%clk 1:30:27]} e6 {[%clk 1:30:42]} 2. d4 {[%clk 1:30:06]} d5
{[%clk 1:30:25]} 3. exd5 {[%clk 1:29:12]} exd5 {[%clk 1:30:23]} 4. Nf3
{[%clk 1:28:44]} Nf6 {[%clk 1:29:43]} 5. Bd3 {[%clk 1:26:32]} Bd6
{[%clk 1:27:19]} 6. Nc3 {[%clk 1:25:31]} O-O {[%clk 1:25:04]} 7. O-O
{[%clk 1:25:30]} Be6 {[%clk 1:21:10]} 8. Re1 {[%clk 1:21:38]} Re8
{[%clk 1:18:56]} 9. Bg5 {[%clk 1:20:56]} Nbd7 {[%clk 1:18:06]} 10. Ne5
{[%clk 1:20:03]} Nxe5 {[%clk 1:06:29]} 11. dxe5 {[%clk 1:18:23]} Bg4
{[%clk 1:02:21]} 12. Bxf6 {[%clk 1:17:57]} Bxe5 {[%clk 0:51:13]} 13. Bxd8
{[%clk 1:16:25]} Bxd1 {[%clk 0:51:02]} 14. Raxd1 {[%clk 1:16:43]} Raxd8
{[%clk 0:50:49]} 15. g3 {[%clk 1:12:02]} c6 {[%clk 0:47:35]} 16. Re2
{[%clk 1:10:48]} Re7 {[%clk 0:43:44]} 17. Rde1 {[%clk 1:10:21]} d4
{[%clk 0:38:31]} 18. Nd1 {[%clk 1:08:31]} f6 {[%clk 0:32:59]} 19. f4
{[%clk 1:08:03]} Bd6 {[%clk 0:31:32]} 20. Rxe7 {[%clk 1:07:39]} Bxe7
{[%clk 0:31:19]} 21. Rxe7 {[%clk 1:08:06]} Rb8 {[%clk 0:29:25]} 22. b4
{[%clk 1:07:58]} Kf8 {[%clk 0:29:15]} 23. Rd7 {[%clk 1:08:25]} a6
{[%clk 0:28:45]} 24. Rxd4 {[%clk 1:08:50]} Re8 {[%clk 0:28:15]} 25. Kf2
{[%clk 1:09:17]} g6 {[%clk 0:26:28]} 26. Rd7 {[%clk 1:09:45]} b5 {[%clk 0:25:34]}
27. Rxh7 {[%clk 1:09:56]} Rd8 {[%clk 0:25:46]} 28. Rh8+ {[%clk 1:10:12]} Ke7
{[%clk 0:26:00]} 29. Rxd8 {[%clk 1:10:25]} Kxd8 {[%clk 0:26:03]} 30. Bxg6
{[%clk 1:10:53]} Ke7 {[%clk 0:25:44]} 31. Ne3 {[%clk 1:11:01]} Ke6
{[%clk 0:25:25]} 32. Kf3 {[%clk 1:10:52]} Kd6 {[%clk 0:25:21]} 33. h4
{[%clk 1:11:14]} c5 {[%clk 0:25:27]} 34. bxc5+ {[%clk 1:11:41]} Kxc5
{[%clk 0:25:25]} 35. h5 {[%clk 1:12:10]} b4 {[%clk 0:24:19]} 36. h6
{[%clk 1:12:29]} a5 {[%clk 0:24:36]} 37. h7 {[%clk 1:12:56]} a4 {[%clk 0:22:50]}
38. h8=Q {[%clk 1:13:19]} a3 {[%clk 0:22:23]} 39. Qxf6 {[%clk 1:13:05]} Kb5
{[%clk 0:22:18]} 40. Be8+ {[%clk 1:43:22]} Kc5 {[%clk 0:51:59]} 41. Qh4
{[%clk 1:43:43]} Kd4 {[%clk 0:51:49]} 42. g4 {[%clk 1:44:06]} Kc3
{[%clk 0:51:49]} 43. Qh8+ {[%clk 1:44:02]} Kd2 {[%clk 0:51:54]} 44. Qd4+
{[%clk 1:44:28]} Kc1 {[%clk 0:49:55]} 45. Ke2 {[%clk 1:43:18]} Kb1
{[%clk 0:49:47]} 46. Qxb4+ {[%clk 1:39:22]} Ka1 {[%clk 0:44:29]} 47. Qxa3
{[%clk 1:38:48]} Kb1 {[%clk 0:44:18]} 48. g5 {[%clk 1:39:09]} Ka1
{[%clk 0:44:30]} 49. g6 {[%clk 1:39:27]} Kb1 {[%clk 0:44:40]} 50. Bf7
{[%clk 1:39:36]} Ka1 {[%clk 0:44:53]} 51. Qc1# {[%clk 1:39:41]} 1-0

[Event "WCO 2016"]
[Site "?"]
[Date "2016.09.11"]
[Round "9"]
[Board "33"]
[WhiteID "5018218"]
[White "Jennitha Anto K."]
[BlackID "1902970"]
[Black "Baptista Ana Filipa"]
[Result "1/2-1/2"]
[BlackElo "2125"]
[WhiteElo "1953"]
[LiveChessVersion "1.4.8"]

1. e4 {[%clk 1:30:55]} c5 {[%clk 1:30:46]} 2. Nf3 {[%clk 1:31:18]} e6
{[%clk 1:31:00]} 3. d4 {[%clk 1:31:44]} cxd4 {[%clk 1:31:23]} 4. Nxd4
{[%clk 1:32:08]} Nf6 {[%clk 1:31:40]} 5. Nc3 {[%clk 1:32:36]} d6 {[%clk 1:31:17]}
6. Be2 {[%clk 1:32:51]} a6 {[%clk 1:31:08]} 7. Be3 {[%clk 1:32:15]} b5
{[%clk 1:29:23]} 8. a3 {[%clk 1:31:23]} Bb7 {[%clk 1:28:37]} 9. f3
{[%clk 1:26:27]} Be7 {[%clk 1:23:16]} 10. O-O {[%clk 1:26:25]} Qc7
{[%clk 1:22:46]} 11. Kh1 {[%clk 1:15:30]} O-O {[%clk 1:20:17]} 12. Qd2
{[%clk 1:14:45]} Rd8 {[%clk 1:12:14]} 13. Bd3 {[%clk 1:11:52]} d5
{[%clk 1:07:22]} 14. exd5 {[%clk 1:07:50]} Nxd5 {[%clk 1:05:33]} 15. Nxd5
{[%clk 1:05:07]} Bxd5 {[%clk 1:04:17]} 16. Qf2 {[%clk 1:01:05]} Nd7
{[%clk 1:01:43]} 17. Rfd1 {[%clk 0:53:04]} Rac8 {[%clk 0:52:10]} 18. a4
{[%clk 0:31:53]} bxa4 {[%clk 0:34:57]} 19. Bxa6 {[%clk 0:31:09]} Ra8
{[%clk 0:31:35]} 20. Bf1 {[%clk 0:27:16]} Ra5 {[%clk 0:24:14]} 21. Bd2
{[%clk 0:24:05]} Raa8 {[%clk 0:24:22]} 22. Be3 {[%clk 0:21:02]} Ra5
{[%clk 0:24:42]} 23. Bd2 {[%clk 0:19:42]} Raa8 {[%clk 0:25:05]} 24. Be3
{[%clk 0:19:58]} Ra5 {[%clk 0:25:28]} 25. Bd2 {[%clk 0:20:06]} 1/2-1/2

[Event "WCO 2016"]
[Site "?"]
[Date "2016.09.11"]
[Round "9"]
[Board "34"]
[WhiteID "1901192"]
[White "Coimbra Margarida"]
[BlackID "4144198"]
[Black "Aleksandrova Aleksandra"]
[Result "1-0"]
[BlackElo "1848"]
[WhiteElo "2078"]
[LiveChessVersion "1.4.8"]

1. e4 {[%clk 1:30:56]} d6 {[%clk 1:30:28]} 2. d4 {[%clk 1:31:16]} Nd7
{[%clk 1:30:41]} 3. Nf3 {[%clk 1:30:36]} c6 {[%clk 1:27:19]} 4. Nc3
{[%clk 1:29:23]} e5 {[%clk 1:27:02]} 5. a4 {[%clk 1:27:20]} a5 {[%clk 1:26:30]}
6. Bc4 {[%clk 1:26:55]} Be7 {[%clk 1:26:30]} 7. O-O {[%clk 1:20:20]} Ngf6
{[%clk 1:26:25]} 8. Re1 {[%clk 1:20:28]} O-O {[%clk 1:26:44]} 9. h3
{[%clk 1:20:24]} h6 {[%clk 1:24:39]} 10. Be3 {[%clk 1:19:52]} Qc7
{[%clk 1:24:39]} 11. Ba2 {[%clk 1:11:36]} Rd8 {[%clk 1:20:41]} 12. Qd2
{[%clk 1:07:31]} Nf8 {[%clk 1:20:05]} 13. Rad1 {[%clk 1:06:41]} Bd7
{[%clk 1:13:39]} 14. Qe2 {[%clk 0:53:41]} Ng6 {[%clk 1:03:56]} 15. Qc4
{[%clk 0:39:34]} Rf8 {[%clk 1:03:32]} 16. dxe5 {[%clk 0:25:35]} dxe5
{[%clk 1:03:01]} 17. Nd5 {[%clk 0:25:12]} Nxd5 {[%clk 1:01:45]} 18. exd5
{[%clk 0:25:35]} Qc8 {[%clk 0:58:02]} 19. d6 {[%clk 0:17:05]} Bf6
{[%clk 0:38:31]} 20. Qd3 {[%clk 0:13:23]} e4 {[%clk 0:27:36]} 21. Qxe4
{[%clk 0:13:05]} Bf5 {[%clk 0:26:51]} 22. d7 {[%clk 0:07:15]} Bxe4
{[%clk 0:20:58]} 23. dxc8=Q {[%clk 0:07:34]} Rfxc8 {[%clk 0:20:33]} 24. Rd7
{[%clk 0:04:55]} Nh8 {[%clk 0:08:35]} 25. c3 {[%clk 0:02:06]} Bf5
{[%clk 0:06:34]} 26. Rxb7 {[%clk 0:02:00]} Rab8 {[%clk 0:04:59]} 27. Rxb8
{[%clk 0:01:49]} Rxb8 {[%clk 0:05:28]} 28. Re2 {[%clk 0:01:56]} Ng6
{[%clk 0:03:04]} 29. Rd2 {[%clk 0:01:14]} Rb7 {[%clk 0:01:24]} 30. Bc4
{[%clk 0:01:06]} Ne5 {[%clk 0:01:04]} 31. Nxe5 {[%clk 0:01:21]} Bxe5
{[%clk 0:01:32]} 32. Kf1 {[%clk 0:00:53]} Kf8 {[%clk 0:01:00]} 33. Ke2
{[%clk 0:00:45]} Ke8 {[%clk 0:01:29]} 34. h4 {[%clk 0:00:39]} Bg4+
{[%clk 0:01:16]} 35. f3 {[%clk 0:00:49]} Bd7 {[%clk 0:01:20]} 36. g4
{[%clk 0:00:42]} c5 {[%clk 0:00:49]} 37. Bd5 {[%clk 0:00:40]} Rc7
{[%clk 0:00:50]} 38. Bb3 {[%clk 0:00:49]} c4 {[%clk 0:01:07]} 39. Bc2
{[%clk 0:00:43]} Rb7 {[%clk 0:01:33]} 40. Bd1 {[%clk 0:30:44]} Bf6
{[%clk 0:31:19]} 41. h5 {[%clk 0:27:28]} Bc6 {[%clk 0:30:13]} 42. Bf4
{[%clk 0:22:59]} Be7 {[%clk 0:22:32]} 43. Kf2 {[%clk 0:19:46]} Bd7
{[%clk 0:18:44]} 44. Be2 {[%clk 0:17:27]} Be6 {[%clk 0:16:45]} 45. Ke1
{[%clk 0:16:58]} Bc5 {[%clk 0:16:20]} 46. Kd1 {[%clk 0:16:42]} Bd7
{[%clk 0:14:27]} 47. Bxc4 {[%clk 0:15:36]} Bxa4+ {[%clk 0:14:56]} 48. Kc1
{[%clk 0:14:34]} Re7 {[%clk 0:11:43]} 49. Re2 {[%clk 0:14:10]} Bc6
{[%clk 0:12:01]} 50. Rxe7+ {[%clk 0:13:47]} Kxe7 {[%clk 0:12:29]} 51. Be2
{[%clk 0:14:02]} Kf6 {[%clk 0:10:53]} 52. Kd2 {[%clk 0:13:04]} a4
{[%clk 0:07:16]} 53. Bd1 {[%clk 0:09:02]} a3 {[%clk 0:06:34]} 54. bxa3
{[%clk 0:09:18]} Bxa3 {[%clk 0:07:02]} 55. Be3 {[%clk 0:06:51]} Bf8
{[%clk 0:06:29]} 56. Bd4+ {[%clk 0:06:55]} Ke6 {[%clk 0:05:38]} 57. Bb3+
{[%clk 0:06:52]} Kd6 {[%clk 0:04:57]} 58. Ke3 {[%clk 0:07:06]} Be8
{[%clk 0:05:07]} 59. c4 {[%clk 0:05:34]} g6 {[%clk 0:04:12]} 60. c5+
{[%clk 0:05:07]} Kc7 {[%clk 0:03:54]} 61. Be5+ {[%clk 0:03:07]} Kc6
{[%clk 0:03:18]} 62. Ba4+ {[%clk 0:02:28]} Kd5 {[%clk 0:03:46]} 63. Bxe8
{[%clk 0:02:23]} Bxc5+ {[%clk 0:04:13]} 64. Kf4 {[%clk 0:02:38]} gxh5
{[%clk 0:01:19]} 65. Bxf7+ {[%clk 0:02:49]} Kc6 {[%clk 0:01:34]} 66. gxh5
{[%clk 0:02:45]} Kd7 {[%clk 0:01:29]} 67. Bg7 {[%clk 0:02:13]} Ke7
{[%clk 0:01:12]} 68. Bc4 {[%clk 0:02:29]} Ba3 {[%clk 0:00:57]} 69. Kf5
{[%clk 0:02:51]} Bc1 {[%clk 0:00:51]} 70. Kg6 {[%clk 0:03:14]} 1-0

[Event "WCO 2016"]
[Site "?"]
[Date "2016.09.11"]
[Round "9"]
[Board "35"]
[WhiteID "4121929"]
[White "Melnik Galina"]
[BlackID "1923161"]
[Black "Jorge Rita Maria Osorio"]
[Result "0-1"]
[BlackElo "1791"]
[WhiteElo "1915"]
[LiveChessVersion "1.4.8"]

1. d4 {[%clk 1:30:55]} d5 {[%clk 1:30:39]} 2. Nf3 {[%clk 1:31:20]} Nf6
{[%clk 1:31:03]} 3. c4 {[%clk 1:31:47]} dxc4 {[%clk 1:31:15]} 4. e3
{[%clk 1:32:05]} e6 {[%clk 1:31:16]} 5. Bxc4 {[%clk 1:32:27]} a6 {[%clk 1:31:37]}
6. O-O {[%clk 1:32:27]} c5 {[%clk 1:29:50]} 7. Nbd2 {[%clk 1:26:17]} b5
{[%clk 1:28:24]} 8. Be2 {[%clk 1:26:39]} Bb7 {[%clk 1:28:21]} 9. a4
{[%clk 1:25:23]} b4 {[%clk 1:18:45]} 10. dxc5 {[%clk 1:18:55]} Bxc5
{[%clk 1:17:24]} 11. Nb3 {[%clk 1:18:49]} Ba7 {[%clk 1:14:47]} 12. Qxd8+
{[%clk 1:17:08]} Kxd8 {[%clk 1:15:04]} 13. a5 {[%clk 1:17:33]} Nc6
{[%clk 1:10:08]} 14. Bd2 {[%clk 1:16:10]} Ne4 {[%clk 0:56:45]} 15. Be1
{[%clk 1:11:51]} Nc5 {[%clk 0:41:10]} 16. Nfd2 {[%clk 1:10:49]} Ne5
{[%clk 0:31:29]} 17. Nxc5 {[%clk 1:10:10]} Bxc5 {[%clk 0:31:24]} 18. Nb3
{[%clk 1:10:25]} Bd6 {[%clk 0:31:07]} 19. f4 {[%clk 1:02:14]} Nd7
{[%clk 0:26:19]} 20. Bh4+ {[%clk 1:00:08]} f6 {[%clk 0:22:51]} 21. Rfc1
{[%clk 0:55:34]} Ke7 {[%clk 0:21:53]} 22. Be1 {[%clk 0:53:18]} Rac8
{[%clk 0:17:59]} 23. Bd2 {[%clk 0:46:02]} Rhd8 {[%clk 0:12:01]} 24. Rxc8
{[%clk 0:37:14]} Rxc8 {[%clk 0:12:14]} 25. Rc1 {[%clk 0:36:50]} Nc5
{[%clk 0:06:36]} 26. Nxc5 {[%clk 0:31:47]} Rxc5 {[%clk 0:05:00]} 27. Rxc5
{[%clk 0:32:06]} Bxc5 {[%clk 0:05:25]} 28. Kf1 {[%clk 0:28:45]} Kd6
{[%clk 0:05:16]} 29. e4 {[%clk 0:26:50]} Kc6 {[%clk 0:02:49]} 30. b3
{[%clk 0:23:56]} Bc8 {[%clk 0:01:11]} 31. Bc4 {[%clk 0:23:14]} Kb7
{[%clk 0:00:57]} 32. Ke2 {[%clk 0:22:26]} Bd7 {[%clk 0:01:09]} 33. Kd1
{[%clk 0:14:46]} Bc6 {[%clk 0:01:03]} 34. Bxe6 {[%clk 0:09:25]} Bxe4
{[%clk 0:01:25]} 35. g3 {[%clk 0:09:15]} Bd3 {[%clk 0:01:17]} 36. Bd5+
{[%clk 0:07:32]} Kc7 {[%clk 0:01:33]} 37. Bc4 {[%clk 0:03:12]} Bxc4
{[%clk 0:00:51]} 38. bxc4 {[%clk 0:03:40]} b3 {[%clk 0:01:03]} 39. g4
{[%clk 0:02:07]} Ba3 {[%clk 0:01:06]} 40. Bc3 {[%clk 0:32:15]} Kc6
{[%clk 0:31:10]} 41. Bd4 {[%clk 0:30:04]} Bc5 {[%clk 0:28:31]} 42. Bc3
{[%clk 0:27:37]} Be3 {[%clk 0:28:23]} 43. g5 {[%clk 0:22:33]} Bxf4
{[%clk 0:18:54]} 44. gxf6 {[%clk 0:22:51]} gxf6 {[%clk 0:19:17]} 45. Bxf6
{[%clk 0:23:11]} Kc5 {[%clk 0:19:26]} 46. h3 {[%clk 0:21:47]} Kxc4
{[%clk 0:19:43]} 47. Bh4 {[%clk 0:20:30]} Kd3 {[%clk 0:18:56]} 48. Bf6
{[%clk 0:19:42]} Bd2 {[%clk 0:18:11]} 0-1

[Event "WCO 2016"]
[Site "?"]
[Date "2016.09.11"]
[Round "9"]
[Board "36"]
[WhiteID "1932543"]
[White "Silva Ana Ines Teixeira Da"]
[BlackID "54132185"]
[Black "Dorozhkina Mariya"]
[Result "1-0"]
[BlackElo "1595"]
[WhiteElo "1855"]
[LiveChessVersion "1.4.8"]

1. e4 {[%clk 1:30:51]} e5 {[%clk 1:30:57]} 2. Nf3 {[%clk 1:31:13]} Nc6
{[%clk 1:31:23]} 3. d4 {[%clk 1:31:37]} exd4 {[%clk 1:31:41]} 4. Nxd4
{[%clk 1:31:57]} Qf6 {[%clk 1:31:50]} 5. c3 {[%clk 1:32:14]} Bc5 {[%clk 1:31:50]}
6. Be3 {[%clk 1:32:30]} Nge7 {[%clk 1:31:26]} 7. Bc4 {[%clk 1:32:01]} O-O
{[%clk 1:29:19]} 8. O-O {[%clk 1:31:22]} Qg6 {[%clk 1:23:02]} 9. f3
{[%clk 1:08:21]} d6 {[%clk 1:02:17]} 10. Kh1 {[%clk 1:03:09]} Bb6
{[%clk 0:51:56]} 11. a4 {[%clk 0:59:21]} Nxd4 {[%clk 0:46:55]} 12. cxd4
{[%clk 0:57:36]} a5 {[%clk 0:46:38]} 13. Nc3 {[%clk 0:56:33]} Kh8
{[%clk 0:43:42]} 14. Bd3 {[%clk 0:42:52]} f5 {[%clk 0:37:44]} 15. Qd2
{[%clk 0:32:44]} Qf7 {[%clk 0:30:39]} 16. Rac1 {[%clk 0:23:10]} c6
{[%clk 0:23:32]} 17. f4 {[%clk 0:17:09]} Be6 {[%clk 0:19:23]} 18. e5
{[%clk 0:10:35]} d5 {[%clk 0:16:35]} 19. Rb1 {[%clk 0:08:50]} Ng6
{[%clk 0:10:23]} 20. Be2 {[%clk 0:07:24]} Ne7 {[%clk 0:07:57]} 21. b4
{[%clk 0:05:41]} Nc8 {[%clk 0:06:15]} 22. b5 {[%clk 0:04:00]} Qd7
{[%clk 0:04:57]} 23. Rf3 {[%clk 0:03:04]} Bd8 {[%clk 0:03:26]} 24. Rh3
{[%clk 0:02:25]} g6 {[%clk 0:03:43]} 25. Qb2 {[%clk 0:02:30]} Be7
{[%clk 0:02:50]} 26. Nd1 {[%clk 0:01:51]} Bb4 {[%clk 0:02:21]} 27. Bd2
{[%clk 0:01:56]} Bxd2 {[%clk 0:02:21]} 28. Qxd2 {[%clk 0:02:23]} Ne7
{[%clk 0:02:38]} 29. Rhb3 {[%clk 0:02:16]} Rfb8 {[%clk 0:02:09]} 30. bxc6
{[%clk 0:01:44]} Nxc6 {[%clk 0:02:26]} 31. Bb5 {[%clk 0:01:37]} Qe8
{[%clk 0:02:04]} 32. Nf2 {[%clk 0:01:42]} Bd7 {[%clk 0:02:01]} 33. Qe3
{[%clk 0:01:20]} Nb4 {[%clk 0:01:57]} 34. Bxd7 {[%clk 0:00:58]} Qxd7
{[%clk 0:02:26]} 35. e6 {[%clk 0:00:58]} Qxa4 {[%clk 0:02:24]} 36. Qe5+
{[%clk 0:01:07]} Kg8 {[%clk 0:02:45]} 37. Qc7 {[%clk 0:00:55]} Qe8
{[%clk 0:02:38]} 38. Re1 {[%clk 0:01:00]} Ra6 {[%clk 0:02:34]} 39. Nd3
{[%clk 0:00:59]} Nxd3 {[%clk 0:02:13]} 40. Rxd3 {[%clk 0:31:19]} b5
{[%clk 0:31:45]} 41. Rh3 {[%clk 0:29:29]} h5 {[%clk 0:31:57]} 42. Rg3
{[%clk 0:26:25]} Rc8 {[%clk 0:30:26]} 43. Rxg6+ {[%clk 0:24:14]} 1-0